The theology of the New Testament (Record no. 31408)
[ view plain ]
| 000 -LEADER | |
|---|---|
| fixed length control field | 00589nam a2200217Ia 4500 |
| 003 - CONTROL NUMBER IDENTIFIER | |
| control field | 0100 |
| 008 - FIXED-LENGTH DATA ELEMENTS--GENERAL INFORMATION | |
| fixed length control field | 130303s9999 xx 000 0 und d |
| 040 ## - CATALOGING SOURCE | |
| Transcribing agency | ARRUPELIB |
| 050 ## - LIBRARY OF CONGRESS CALL NUMBER | |
| Classification number | BS2397.K8313 |
| 100 ## - MAIN ENTRY--PERSONAL NAME | |
| Personal name | Kummel, Werner Georg |
| 245 #4 - TITLE STATEMENT | |
| Title | The theology of the New Testament |
| 245 ## - TITLE STATEMENT | |
| Remainder of title | according to its major witnesses, Jesus, Paul, John |
| 260 ## - PUBLICATION, DISTRIBUTION, ETC. (IMPRINT) | |
| Place of publication, distribution, etc | Nashville |
| 260 ## - PUBLICATION, DISTRIBUTION, ETC. (IMPRINT) | |
| Name of publisher, distributor, etc | Abingdon Pr. |
| 260 ## - PUBLICATION, DISTRIBUTION, ETC. (IMPRINT) | |
| -- | 1973 |
| 300 ## - PHYSICAL DESCRIPTION | |
| Extent | 350p |
| 650 ## - SUBJECT ADDED ENTRY--TOPICAL TERM | |
| Topical term following geographic name as entry element | Decle, Lionel |
| 650 ## - SUBJECT ADDED ENTRY--TOPICAL TERM | |
| Location of event | Africa, East-Description and travel |
| 650 ## - SUBJECT ADDED ENTRY--TOPICAL TERM | |
| Active dates | Africa, Southern-descripition and travel |
| 942 00 - ADDED ENTRY ELEMENTS (KOHA) | |
| Koha issues (borrowed), all copies | 1 |
| Withdrawn status | Lost status | Source of classification or shelving scheme | Damaged status | Not for loan | Collection code | Home library | Current library | Shelving location | Date acquired | Total Checkouts | Full call number | Barcode | Date last seen | Date checked out | Copy number | Price effective from | Koha item type |
|---|---|---|---|---|---|---|---|---|---|---|---|---|---|---|---|---|---|
| Library of Congress Classification | Main Collection | ARRUPE LIBRARY | ARRUPE LIBRARY | 04/03/2013 | 1 | BS2397.K8313 | 46003019884 | 07/12/2016 | 26/11/2014 | 1 | 04/03/2013 | Monograph ( Printed materials) |